[Event "Asian University (Women)"]
[Site "Tornelo INT"]
[Date "2021.09.03"]
[Round "1"]
[White "Chen, Yiru"]
[Black "Gamage, Yasasmi Umarusiru"]
[Result "1-0"]
[WhiteElo "1828"]
[BlackElo "1271"]
[PlyCount "129"]
[EventDate "2021.09.03"]
[EventType "swiss (rapid)"]
[EventRounds "9"]
[EventCountry "NET"]
[SourceTitle "CBM 204 Extra"]
[Source "ChessBase"]
[SourceDate "2021.11.30"]
[SourceVersion "1"]
[SourceVersionDate "2021.11.30"]
[SourceQuality "1"]

1. e4 e6 2. d4 d5 3. Nc3 Bb4 4. e5 c5 5. a3 Bxc3+ 6. bxc3 Ne7 7. Qg4 Ng6 8. h4 cxd4 9. cxd4 h5 10. Qd1 Nc6 11. Nf3 Bd7 12. Bd3 Qb6 13. Bxg6 fxg6 14. Qd3 0-0-0 15. Bg5 Rdf8 16. 0-0 Na5 17. Rab1 Qc7 18. Qxg6 Ba4 19. Qxe6+ Kb8 20. Qxd5 Bc6 21. Qd6 Bxf3 22. Qxc7+ Kxc7 23. gxf3 Rxf3 24. a4 Nc6 25. Rfd1 Rhf8 26. Rd2 b6 27. Rb3 R3f7 28. Re3 Rd7 29. c3 Na5 30. Rde2 Nc4 31. Rd3 Re8 32. f4 Kc6 33. Kg2 Nd6 34. Kf3 Nf5 35. Red2 Kd5 36. Rb2 Kc4 37. Ke2 Nd6 38. Rb4+ Kd5 39. Kf3 Nf5 40. a5 b5 41. a6 Re6 42. c4+ bxc4 43. Rb5+ Kc6 44. Rc5+ Kb6 45. Rxc4 Kxa6 46. d5 Rb6 47. Ke4 Kb5 48. Rc8 Rf7 49. d6 Ka6 50. Rc7 Rb4+ 51. Kd5 Rxc7 52. dxc7 Kb7 53. Rc3 Rb5+ 54. Ke6 Nd4+ 55. Kd7 Rd5+ 56. Ke8 Ne6 57. c8Q+ Kb6 58. Qxe6+ Kb5 59. Qxd5+ Ka4 60. Qc4+ Ka5 61. Ra3+ Kb6 62. Ra6+ Kb7 63. Qc6+ Kb8 64. Ra4 g6 65. Rb4# 1-0

[Event "SRI-chB (Women)"]
[Site "Colombo"]
[Date "2014.02.27"]
[Round "4"]
[White "Wijesuriya, GPY"]
[Black "Gamage, Yasasmi Umarusiru"]
[Result "1/2-1/2"]
[WhiteElo "1253"]
[BlackElo "1414"]
[PlyCount "54"]
[EventDate "2014.02.26"]
[EventType "swiss"]
[EventRounds "10"]
[EventCountry "SRI"]
[SourceTitle "CBM 159 Extra"]
[Source "ChessBase"]
[SourceDate "2014.04.24"]
[SourceVersion "1"]
[SourceVersionDate "2014.04.24"]
[SourceQuality "1"]

1. e4 e6 2. d4 d5 3. exd5 exd5 4. Nf3 Bd6 5. Bg5 Ne7 6. Bd3 a6 7. Nc3 Be6 8. 0-0 Nbc6 9. h3 Qd7 10. Na4 Nf5 11. Nc5 Bxc5 12. dxc5 h6 13. Bf4 0-0 14. Re1 Rfe8 15. Ne5 Nxe5 16. Bxe5 Ne7 17. a3 c6 18. Qe2 Bf5 19. Bd6 Bxd3 20. cxd3 Nf5 21. Qg4 g6 22. Be5 Re6 23. Bc3 Rae8 24. Qf3 d4 25. Bd2 Rf6 26. g4 g5 27. Rxe8+ Qxe8 1/2-1/2